Možnosti využitia public relations v podmienkach podnikov pôsobiacich na slovenskom trhu dizertačná práca

Salvato in:
Dettagli Bibliografici
Autore principale: Paholková, Barbora
Ente Autore: Obchodná fakulta EU. Katedra marketingu
Altri autori: Lipianska, Júlia
Natura: Libro
Lingua:slovacco
Pubblicazione: Bratislava 2015
Soggetti:
Tags: Aggiungi Tag
Nessun Tag, puoi essere il primo ad aggiungerne!!

MARC

LEADER 00000nbm a2200000 4500
001 0205129
005 20240502073423.5
041 0 |a slo 
044 |a SK 
245 1 0 |a Možnosti využitia public relations v podmienkach podnikov pôsobiacich na slovenskom trhu  |b dizertačná práca  |c Barbora Paholková ; školiteľ: Júlia Lipianska 
264 1 |a Bratislava  |c 2015 
300 |a 145 s. 
610 2 0 |a vzťahy s verejnosťou 
610 2 0 |a modely 
610 2 0 |a podnik 
610 2 0 |a Slovensko 
100 1 |a Paholková, Barbora 
700 1 |a Lipianska, Júlia 
710 2 |a Obchodná fakulta EU. Katedra marketingu